Muzika kak vid iskusstva /

Uložené v:
Podrobná bibliografia
Hlavný autor: Sochor, Arnol'd Naumovič, 1924-1977 (Author)
Médium: Kniha
Jazyk:Russian
Vydané: Moskva : Muzgiz, 1961.
Vydanie:1. izd.
Edícia:Voprosy estetiki
ISBN: (brož.)
Fyzický popis: 133 s.
Tagy: Pridať tag
Žiadne tagy, Buďte prvý kto otaguje tento záznam!

MARC

LEADER 00000nam a22000002a 4500
001 000438621
005 20131008101502.0
008 950101s1961 ru e rus d
020 |a (brož.)  |c Kčs 2,50 
040 |a SVKKK  |b slo  |c SVKKK  |e AACR2 
041 0 |a rus 
044 |a ru  |c RU 
100 1 |a Sochor, Arnol'd Naumovič,  |d 1924-1977  |4 aut 
245 1 0 |a Muzika kak vid iskusstva /  |c Arnol'd Naumovič Sochor. 
250 |a 1. izd. 
260 |a Moskva :  |b Muzgiz,  |c 1961. 
300 |a 133 s. 
490 1 |a Voprosy estetiki 
830 0 |a Voprosy estetiki 
910 |a svkkk 
998 |a BK 
090 |g SCKHL  |k Sklad Hlavná 10 suterén  |a I.22576  |j 308565  |i 2720417167  |s Absenčne